Statistics for Buddhas life

Click here to take the quiz!

General Stats

  • This quiz has been taken 40 times
  • The average score is 3 of 6

Answer Stats

Hint boxesBuddhas life answer boxes% Correct
Then snuk out at...Night
84%
A royal person...Prince
76%
Never left the place he lived...Palace
68%
He joined something that helped the people in...Need
52%
He made up a path called the...Middle path
44%
He did something bad that was not good...Starved himself
16%

Score Distribution

Percentile by Number Answered

Percent of People with Each Score

Your Score History

You have not taken this quiz